00453 2200169 4500001002100000008004100021035002000062245007800082100001600160250000600176260004200182300001200224084001400236082000800250650001300258990001200271INLIS000000000000722 ind  a0010-0424000698 aSuplemen Sumber Belajar Sains Kebumian SMA Bagian 1; LitosfercNurul Huda aHuda, Nurul a1 aJakarta :bBina Prestasi Insanic2018 a286 hlm a550 NUR k a550 aNonfiksi a0739657